| 000 | 01067nam a22001457a 4500 | ||
|---|---|---|---|
| 020 | _a978-0-689-86570-1 | ||
| 082 |
_a823 _bKEE/N |
||
| 100 | _aKEENE, CAROLYN | ||
| 245 | _aNANCY DREW - LIGHTS, CAMERA | ||
| 260 |
_aNEW YORK _bALADDIN PAPERBACKS _c2004 |
||
| 300 | _a152 | ||
| 520 | _aNancy becomes involved in a big River Heights crime both onscreen and off. When a series of mysterious occurrences take place while a reenactment of a historic event is being filmed, it's up to Nancy to sniff out the culprit.I'm a detective, not an actor, so who would think I'd be involved in a crime both offscreen and on? A producer has come to River Heights to film a reenactment of the heist that gave our town it's name, and he thinks I'm perfect for the part of Esther, the sister of the thieving Rackham boys. So I figure, why not give it a try? But once the Light, cameras start rolling, the trouble begins. Food poisoning. Broken generators. And worse If I don't sniff out some suspects soon, this might be my final act. | ||
| 650 |
_aDETECTIVE _zUNITED STATES |
||
| 942 | _cBK | ||
| 999 |
_c7868 _d7868 |
||